Statistics for Choose the odd one out :-)

Click here to take the quiz!

General Stats

  • This quiz has been taken 65 times
    (60 since last reset)
  • The average score is 10 of 15

Answer Stats

QuestionAnswer% Correct
Question 1 (Difficulty : Easy)Aeroplane
98%
Question 4 (Difficulty : Easy)Down
92%
Question 3 (Difficulty : Easy)😜😜😜😳😜😜😜😜😜😜😜
89%
Question 11 : Difficulty (Easy)😊😊😊😊😊😊😊😊😊😊😊😊😊☺️😊😊😊😊😊😊😊😊😊😊
85%
Question 5 (Difficulty : Medium)β™Ÿ
81%
Question 13 : Difficulty (Medium)Santa Claus
81%
Question 2 (Difficulty : Easy)😭
77%
Question : 14 (Difficulty : Easy)Taxi Driver
77%
Question 10 : Difficulty (Difficult 😩)United States
75%
Question 11 : Difficulty (Difficult)19
70%
Question 12 : Difficulty (Difficult)Superman
55%
Question 7 (Difficulty : Medium)MacBook Air
40%
Question : 14 (Difficulty : Difficult)Platypus
40%
Question 6 (Difficulty : Medium)Posidonia
40%
Question 8 : (Difficulty : Difficult)Justin Bieber
19%

Score Distribution

Percentile by Number Answered

Percent of People with Each Score

Your Score History

You have not taken this quiz since the last reset